000 00951nam0a22002771 4500
001 rc\2363020
005 20110829154817.9
035 _a(NLR Aleph) 006596232
090 _a7199393
_c7199393
100 _a20110829d1977 |||y0rusy50 ca
101 0 _arus
102 _aRU
105 _aa z |||||
200 1 _aЦифровые устройства
_e[Учеб. пособие]
_fПод ред. Я.С. Ицхоки
_gВоен.-воздуш. инж. акад. имени проф. Н.Е. Жуковского
210 _a[Москва]
_cБ. и.
_d1977
215 _a310 с.
_cсхем.
_d25
320 _aБиблиогр.: с. 307
700 1 _aОвчинников
_bН. И.
_gНиколай Иванович
701 1 _aПоздняков
_bВ. Г.
702 1 _aИцхоки
_bЯ. С.
_4340
801 0 _aRU
_bNLR
_gpsbo
801 1 _aRU
_bELAR
_2rusmarc
852 _aNLR
_j77-7/2112
899 _aRuMoRGB
_jБ 77-33/232
942 _cBOOK
980 _aNB